000 00307nam a2200121Ia 4500
008 220204s9999 xx 000 0 und d
082 _a541.124
_bKIR
100 _aKirkwood, John G
245 0 _aChemical thermodynamics
260 _aNew York
_bMcGraw Hill
_c1961
700 _aOppenheim, Irwin
942 _cBK
999 _c20444
_d20444